000 00494nam a2200169Ia 4500
999 _c16152
_d16152
003 OSt
005 20200606115856.0
008 190216s9999||||xx |||||||||||||| ||und||
040 _cMESKC library
082 _a891.4391
_bHAN/A
100 _aHanafee, Shameem
_9268
245 0 _aAkbar Ilahabadi Ki Shairee /
_cShameem Hanafee
260 _bSakshara Prakashan,
_c2002.
_aDelhi:
300 _a148p
650 _aHindi
942 _cBK
_2ddc
_h891.4391
_iHAN/A
_k891.4391
_mHAN/A